|
|
|
|
| LEADER |
00000nta a2200000 i 4500 |
| 001 |
dolg49669 |
| 005 |
20231017115442.0 |
| 008 |
231017suuuu hu om 000 hun d |
| 040 |
|
|
|a BGE Dolgozattár Repozitórium
|b hun
|
| 041 |
|
|
|a hu
|
| 100 |
1 |
|
|a Timár Krisztina
|
| 245 |
1 |
2 |
|a A vállalkozási tevékenység hatékonyságának és jövedelmezőségének elemzése a Rail Cargo Operator – Hungaria Kft-nél.
|c Timár Krisztina
|h [elektronikus dokumentum]
|
| 695 |
|
|
|a hatékonyság
|
| 695 |
|
|
|a jövedelmezőség
|
| 695 |
|
|
|a hatékonyság
|
| 695 |
|
|
|a jövedelmezőség
|
| 856 |
4 |
0 |
|u http://dolgozattar.uni-bge.hu/49669/1/sec_00004512.pdf
|z Dokumentum-elérés
|